000
00299nam a22001337a 4500
008
170828b xxu||||| |||| 00| 0 eng d
020
_a
x0008mmd1p
041
_a
eng
080
_a
070
100
_a
39
101
_a
MED
245
_a
INSIDE COMMUNICATION REVOLUTION
_c
MANSELL.R
942
_2
udc
_c
BK
999
_c
25145
_d
25145